| 000 | 00410nam a2200169Ia 4500 | ||
|---|---|---|---|
| 008 | 230524s9999 xx 000 0 und d | ||
| 020 | _a8120311299 | ||
| 082 |
_a621.321 _bPRO |
||
| 100 | _aJohn G.Prokis | ||
| 245 | 0 | _aDigital Signal Processing | |
| 250 | _a3RD | ||
| 260 |
_aNEW DELHI _b"PHI, Pearson" _c2006 |
||
| 300 | _aIX;824 | ||
| 500 | _aQuantity Number: 192 | ||
| 650 | _aElectronics | ||
| 942 | _cBK | ||
| 999 |
_c8063 _d8063 |
||